000 00825cam a2200229 4500
001 ABS64409
008 010829n2001 000 0 eng u
035 _a(Sirsi) u114377
100 _aBooth, P
245 _aNo case for a rule change
260 _c2001
490 _aEstates Gazette
_v(0131) 4 August 2001, 94-95(2)
520 _aUpward-only rent reviews are under investigation as the government proposes to ban them. Argues that this is based on a misunderstanding of the market and that upward-only clauses in a rental contract can provide 'hidden' additional value.
590 _aABS
650 _aRENT REVIEWS
650 _aUPWARD ONLY RENT REVIEWS
650 _aRENTAL CONTRACTS
650 _aRENTAL GROWTH
650 _aPROPERTY VALUATIONS
690 _aLANDLORD AND TENANT-RENT REVIEWS
942 _n0
999 _c68115
_d68115